[Event "High League 2022 women"]
[Site "Obninsk"]
[Date "2022.07.02"]
[Round "6.22"]
[White "Pak, Polina"]
[Black "Dryaeva, Lana"]
[Result "1-0"]
[LiveChessVersion "1.4.7"]
[BlackElo "1594"]
[WhiteElo "1677"]

1. d4 {[%clk 1:30:57]} d5 {[%clk 1:30:48]} 2. Bf4 {[%clk 1:31:15]} c5
{[%clk 1:30:54]} 3. e3 {[%clk 1:31:38]} cxd4 {[%clk 1:31:09]} 4. exd4
{[%clk 1:31:47]} Nc6 {[%clk 1:31:28]} 5. Nf3 {[%clk 1:31:50]} Bf5
{[%clk 1:31:43]} 6. c4 {[%clk 1:31:42]} e6 {[%clk 1:28:15]} 7. Nc3
{[%clk 1:30:50]} dxc4 {[%clk 1:19:18]} 8. Bxc4 {[%clk 1:30:21]} Bd6
{[%clk 1:16:20]} 9. Be3 {[%clk 1:21:44]} Nge7 {[%clk 1:16:01]} 10. O-O
{[%clk 1:19:32]} h6 {[%clk 1:10:34]} 11. d5 {[%clk 1:12:38]} exd5
{[%clk 1:10:33]} 12. Nxd5 {[%clk 1:13:01]} O-O {[%clk 1:09:28]} 13. Rc1
{[%clk 1:03:54]} Be4 {[%clk 0:45:59]} 14. Nxe7+ {[%clk 0:53:29]} Qxe7
{[%clk 0:41:00]} 15. Nd2 {[%clk 0:42:42]} Bf5 {[%clk 0:29:41]} 16. Qh5
{[%clk 0:32:25]} Bg6 {[%clk 0:23:35]} 17. Qxg6 {[%clk 0:32:12]} Bxh2+
{[%clk 0:13:30]} 18. Kxh2 {[%clk 0:31:33]} Qh4+ {[%clk 0:13:53]} 19. Kg1
{[%clk 0:31:58]} Qxc4 {[%clk 0:13:08]} 20. Qxg7+ {[%clk 0:32:10]} Kxg7
{[%clk 0:13:37]} 21. Nxc4 {[%clk 0:32:31]} Rad8 {[%clk 0:05:15]} 22. Rfd1
{[%clk 0:32:39]} Kh7 {[%clk 0:02:03]} 23. Nd6 {[%clk 0:32:07]} Rb8
{[%clk 0:01:29]} 24. Nf5 {[%clk 0:29:15]} Kg6 {[%clk 0:01:25]} 25. Nh4+
{[%clk 0:27:59]} Kh5 {[%clk 0:00:42]} 26. Rd5+ {[%clk 0:28:11]} 1-0

[Event "High League 2022 women"]
[Site "Obninsk"]
[Date "2022.07.03"]
[Round "7.1"]
[White "Goltseva, Ekaterina"]
[Black "Voit, Daria"]
[Result "1-0"]
[LiveChessVersion "1.4.7"]
[BlackElo "2317"]
[WhiteElo "2284"]

1. d4 {[%clk 1:30:41]} Nf6 {[%clk 1:25:35]} 2. c4 {[%clk 1:31:01]} e6
{[%clk 1:26:00]} 3. Nc3 {[%clk 1:31:25]} Bb4 {[%clk 1:26:12]} 4. Nf3
{[%clk 1:31:42]} d5 {[%clk 1:22:49]} 5. e3 {[%clk 1:31:40]} O-O {[%clk 1:19:52]}
6. Bd3 {[%clk 1:31:51]} b6 {[%clk 1:19:31]} 7. cxd5 {[%clk 1:28:29]} exd5
{[%clk 1:17:22]} 8. O-O {[%clk 1:28:21]} Re8 {[%clk 1:11:40]} 9. Ne5
{[%clk 1:21:53]} Bb7 {[%clk 1:06:44]} 10. Bd2 {[%clk 1:11:44]} c5
{[%clk 1:05:34]} 11. a3 {[%clk 1:06:14]} Ba5 {[%clk 0:58:37]} 12. Rb1
{[%clk 0:54:42]} cxd4 {[%clk 0:53:35]} 13. exd4 {[%clk 0:54:48]} Bxc3
{[%clk 0:54:01]} 14. Bxc3 {[%clk 0:47:26]} Ba6 {[%clk 0:53:59]} 15. Rc1
{[%clk 0:39:05]} Bxd3 {[%clk 0:37:32]} 16. Qxd3 {[%clk 0:38:36]} Nbd7
{[%clk 0:37:47]} 17. Nc6 {[%clk 0:30:09]} Qc7 {[%clk 0:37:52]} 18. Bd2
{[%clk 0:25:11]} Qd6 {[%clk 0:36:07]} 19. Bb4 {[%clk 0:20:15]} Qf4
{[%clk 0:36:32]} 20. Ne7+ {[%clk 0:18:39]} Kh8 {[%clk 0:36:40]} 21. g3
{[%clk 0:16:45]} Qg5 {[%clk 0:31:39]} 22. f3 {[%clk 0:08:31]} Ng8
{[%clk 0:24:20]} 23. Nf5 {[%clk 0:07:56]} Re6 {[%clk 0:10:43]} 24. a4
{[%clk 0:05:54]} a5 {[%clk 0:07:40]} 25. Ba3 {[%clk 0:05:10]} h5 {[%clk 0:04:39]}
26. Rc7 {[%clk 0:04:36]} Qd8 {[%clk 0:04:18]} 27. Rc2 {[%clk 0:02:17]} Qf6
{[%clk 0:02:05]} 28. Ne3 {[%clk 0:02:17]} Qg5 {[%clk 0:01:43]} 29. f4
{[%clk 0:02:29]} Qd8 {[%clk 0:02:10]} 30. Nxd5 {[%clk 0:02:43]} Rc8
{[%clk 0:01:23]} 31. Rxc8 {[%clk 0:02:28]} Qxc8 {[%clk 0:01:52]} 32. Nc3
{[%clk 0:01:35]} h4 {[%clk 0:02:01]} 33. Ne4 {[%clk 0:01:40]} Nh6
{[%clk 0:01:06]} 34. Ng5 {[%clk 0:02:03]} Re8 {[%clk 0:01:09]} 35. Qh7#
{[%clk 0:02:28]} 1-0

[Event "High League 2022 women"]
[Site "Obninsk"]
[Date "2022.07.03"]
[Round "7.2"]
[White "Bivol, Alina"]
[Black "Charochkina, Daria"]
[Result "0-1"]
[LiveChessVersion "1.4.7"]
[BlackElo "2335"]
[WhiteElo "2364"]

1. e4 {[%clk 1:30:04]} c5 {[%clk 1:30:49]} 2. Nf3 {[%clk 1:30:03]} e6
{[%clk 1:31:07]} 3. d4 {[%clk 1:29:17]} cxd4 {[%clk 1:31:30]} 4. Nxd4
{[%clk 1:29:42]} Nc6 {[%clk 1:31:52]} 5. Nxc6 {[%clk 1:25:00]} bxc6
{[%clk 1:32:12]} 6. c4 {[%clk 1:25:19]} Nf6 {[%clk 1:32:23]} 7. Bd3
{[%clk 1:25:31]} e5 {[%clk 1:32:30]} 8. O-O {[%clk 1:25:09]} Bc5 {[%clk 1:32:13]}
9. Nd2 {[%clk 1:22:22]} a5 {[%clk 1:30:22]} 10. Rb1 {[%clk 1:20:40]} O-O
{[%clk 1:27:53]} 11. Qf3 {[%clk 1:19:53]} d5 {[%clk 1:04:11]} 12. h3
{[%clk 0:55:52]} d4 {[%clk 0:58:45]} 13. Qg3 {[%clk 0:48:51]} Bd6
{[%clk 0:56:48]} 14. c5 {[%clk 0:44:30]} Bxc5 {[%clk 0:55:43]} 15. Qxe5
{[%clk 0:40:15]} Bd6 {[%clk 0:36:11]} 16. Qg5 {[%clk 0:40:20]} h6
{[%clk 0:36:25]} 17. Qh4 {[%clk 0:40:32]} Nd7 {[%clk 0:36:31]} 18. Qxd8
{[%clk 0:39:26]} Rxd8 {[%clk 0:35:41]} 19. f4 {[%clk 0:34:50]} Nc5
{[%clk 0:35:36]} 20. Bc4 {[%clk 0:35:00]} Be6 {[%clk 0:23:01]} 21. e5
{[%clk 0:32:47]} Bc7 {[%clk 0:22:43]} 22. Bxe6 {[%clk 0:32:11]} fxe6
{[%clk 0:19:38]} 23. Nc4 {[%clk 0:32:23]} Rd5 {[%clk 0:18:47]} 24. Bd2
{[%clk 0:29:57]} a4 {[%clk 0:19:12]} 25. g4 {[%clk 0:26:11]} Ne4 {[%clk 0:18:43]}
26. Rbe1 {[%clk 0:21:22]} Nxd2 {[%clk 0:18:47]} 27. Nxd2 {[%clk 0:21:51]} Rb8
{[%clk 0:14:00]} 28. Nc4 {[%clk 0:16:15]} Rc5 {[%clk 0:14:18]} 29. Rc1
{[%clk 0:13:07]} Rb4 {[%clk 0:14:26]} 30. Nd6 {[%clk 0:12:35]} Rxc1
{[%clk 0:14:39]} 31. Rxc1 {[%clk 0:13:03]} Rxb2 {[%clk 0:14:57]} 32. Rxc6
{[%clk 0:12:16]} d3 {[%clk 0:13:03]} 33. Ne4 {[%clk 0:05:17]} Ba5
{[%clk 0:12:09]} 34. f5 {[%clk 0:03:25]} d2 {[%clk 0:06:10]} 35. Nxd2
{[%clk 0:02:02]} Bxd2 {[%clk 0:06:33]} 36. Rxe6 {[%clk 0:01:59]} Rxa2
{[%clk 0:03:54]} 37. Ra6 {[%clk 0:02:00]} Bb4 {[%clk 0:03:03]} 38. e6
{[%clk 0:01:29]} a3 {[%clk 0:03:32]} 39. Ra8+ Kh7 40. Kf1 {[%clk 0:30:40]} Rb2
{[%clk 0:31:31]} 0-1

[Event "High League 2022 women"]
[Site "Obninsk"]
[Date "2022.07.03"]
[Round "7.3"]
[White "Guseva, Marina"]
[Black "Garifullina, Leya"]
[Result "0-1"]
[LiveChessVersion "1.4.7"]
[BlackElo "2398"]
[WhiteElo "2377"]

1. d4 {[%clk 1:30:57]} Nf6 {[%clk 1:30:45]} 2. c4 {[%clk 1:31:23]} e6
{[%clk 1:30:56]} 3. Nf3 {[%clk 1:31:49]} d5 {[%clk 1:31:12]} 4. g3
{[%clk 1:32:14]} Be7 {[%clk 1:31:11]} 5. Bg2 {[%clk 1:32:39]} O-O
{[%clk 1:31:32]} 6. O-O {[%clk 1:33:06]} dxc4 {[%clk 1:31:53]} 7. Qa4
{[%clk 1:33:32]} a6 {[%clk 1:32:02]} 8. Qxc4 {[%clk 1:33:58]} b5 {[%clk 1:32:24]}
9. Qc2 {[%clk 1:34:24]} Bb7 {[%clk 1:32:47]} 10. Bd2 {[%clk 1:34:50]} Be4
{[%clk 1:32:45]} 11. Qc1 {[%clk 1:35:15]} c6 {[%clk 1:33:07]} 12. a4
{[%clk 1:35:38]} Nbd7 {[%clk 1:33:14]} 13. Nc3 {[%clk 1:36:01]} Bg6
{[%clk 1:33:32]} 14. Ne5 {[%clk 1:36:25]} Nxe5 {[%clk 1:33:40]} 15. dxe5
{[%clk 1:36:51]} Nd5 {[%clk 1:34:02]} 16. axb5 {[%clk 1:37:10]} axb5
{[%clk 1:34:07]} 17. Nxd5 {[%clk 1:37:35]} cxd5 {[%clk 1:34:31]} 18. Rxa8
{[%clk 1:38:01]} Qxa8 {[%clk 1:34:55]} 19. Qc7 {[%clk 1:38:27]} Re8
{[%clk 1:35:10]} 20. Rc1 {[%clk 1:38:53]} b4 {[%clk 1:34:12]} 21. Be3
{[%clk 1:39:18]} b3 {[%clk 1:33:35]} 22. Rc3 {[%clk 1:30:39]} Bc2
{[%clk 1:31:34]} 23. Bd4 {[%clk 1:28:07]} h6 {[%clk 1:28:02]} 24. Bf1
{[%clk 1:20:13]} Qa4 {[%clk 1:19:12]} 25. e3 {[%clk 1:20:26]} Bb4
{[%clk 1:17:06]} 26. Qc6 {[%clk 1:20:30]} Ra8 {[%clk 1:16:51]} 27. Qxa4
{[%clk 1:20:51]} Rxa4 {[%clk 1:17:16]} 28. Rc8+ {[%clk 1:21:18]} Kh7
{[%clk 1:17:43]} 29. Kg2 {[%clk 1:09:44]} Bd2 {[%clk 1:14:26]} 30. Bb5
{[%clk 1:09:46]} Ra2 {[%clk 1:08:35]} 31. Rc7 {[%clk 1:04:17]} h5
{[%clk 0:59:52]} 32. h4 {[%clk 0:42:01]} Kh6 {[%clk 0:53:06]} 33. Be2
{[%clk 0:33:50]} Kg6 {[%clk 0:44:47]} 34. f3 {[%clk 0:33:15]} Kh6
{[%clk 0:40:25]} 35. g4 {[%clk 0:29:38]} hxg4 {[%clk 0:37:16]} 36. fxg4
{[%clk 0:30:05]} g5 {[%clk 0:30:13]} 37. hxg5+ {[%clk 0:11:33]} Kxg5
{[%clk 0:26:57]} 38. Kh3 {[%clk 0:11:58]} Kg6 {[%clk 0:20:57]} 39. Kg3
{[%clk 0:09:40]} Kg7 {[%clk 0:18:50]} 40. g5 {[%clk 0:36:10]} Kg6
{[%clk 0:47:44]} 41. Kh4 {[%clk 0:34:01]} Be1+ {[%clk 0:47:44]} 42. Kh3
{[%clk 0:29:44]} Ra1 {[%clk 0:46:39]} 43. Rb7 {[%clk 0:29:24]} Be4
{[%clk 0:45:15]} 44. Bf1 {[%clk 0:28:42]} Bf2 {[%clk 0:45:25]} 45. Bg2
{[%clk 0:29:07]} Bf5+ {[%clk 0:45:01]} 46. Kh2 {[%clk 0:29:34]} Bc2
{[%clk 0:43:11]} 47. Rb8 {[%clk 0:29:07]} Re1 {[%clk 0:42:28]} 0-1

[Event "High League 2022 women"]
[Site "Obninsk"]
[Date "2022.07.03"]
[Round "7.4"]
[White "Bodnaruk, Anastasia"]
[Black "Yakimova, Mariya"]
[Result "0-1"]
[LiveChessVersion "1.4.7"]
[BlackElo "2201"]
[WhiteElo "2390"]

1. e4 {[%clk 1:30:57]} c5 {[%clk 1:30:55]} 2. Nf3 {[%clk 1:31:21]} d6
{[%clk 1:31:10]} 3. d4 {[%clk 1:31:46]} cxd4 {[%clk 1:31:37]} 4. Nxd4
{[%clk 1:32:13]} Nf6 {[%clk 1:32:03]} 5. Nc3 {[%clk 1:32:39]} a6 {[%clk 1:32:29]}
6. Nb3 {[%clk 1:32:29]} Nc6 {[%clk 1:31:33]} 7. Be3 {[%clk 1:32:08]} e6
{[%clk 1:31:04]} 8. g4 {[%clk 1:31:16]} h6 {[%clk 1:31:26]} 9. Qe2
{[%clk 1:27:14]} b5 {[%clk 1:31:25]} 10. O-O-O {[%clk 1:25:52]} Qc7
{[%clk 1:31:44]} 11. f4 {[%clk 1:16:15]} b4 {[%clk 1:31:20]} 12. Na4
{[%clk 1:16:12]} Rb8 {[%clk 1:31:40]} 13. Bg2 {[%clk 1:05:19]} e5
{[%clk 1:24:06]} 14. g5 {[%clk 0:49:28]} Ng4 {[%clk 1:09:12]} 15. Bd2
{[%clk 0:46:55]} exf4 {[%clk 1:05:21]} 16. e5 {[%clk 0:46:06]} Ncxe5
{[%clk 1:00:15]} 17. Bxf4 {[%clk 0:42:44]} hxg5 {[%clk 0:59:25]} 18. Bg3
{[%clk 0:38:19]} Be7 {[%clk 0:48:06]} 19. h3 {[%clk 0:35:40]} Nh6
{[%clk 0:45:49]} 20. Nac5 {[%clk 0:33:05]} Rb5 {[%clk 0:38:27]} 21. Rd5
{[%clk 0:28:29]} O-O {[%clk 0:32:55]} 22. Rf1 {[%clk 0:20:59]} dxc5
{[%clk 0:26:02]} 23. Bxe5 {[%clk 0:19:37]} Qa7 {[%clk 0:26:22]} 24. c4
{[%clk 0:14:54]} Rb6 {[%clk 0:18:09]} 25. Nxc5 {[%clk 0:14:04]} Bxc5
{[%clk 0:18:12]} 26. Rxc5 {[%clk 0:14:32]} Re6 {[%clk 0:18:07]} 27. Qf2
{[%clk 0:13:37]} Qe7 {[%clk 0:17:28]} 28. Re1 {[%clk 0:01:52]} Re8
{[%clk 0:16:01]} 29. Re2 {[%clk 0:00:34]} Kh8 {[%clk 0:08:35]} 30. Bf3
{[%clk 0:00:33]} f6 {[%clk 0:08:25]} 31. Rc7 {[%clk 0:00:43]} Qf8
{[%clk 0:06:16]} 32. Bh2 {[%clk 0:00:38]} Rxe2 33. Bxe2 {[%clk 0:01:08]} f5
{[%clk 0:03:51]} 34. h4 {[%clk 0:00:38]} gxh4 {[%clk 0:03:35]} 35. Bh5
{[%clk 0:00:36]} Re4 {[%clk 0:03:05]} 36. Bf4 {[%clk 0:00:33]} Be6
{[%clk 0:01:17]} 37. Qxh4 {[%clk 0:00:33]} Bxc4 {[%clk 0:00:39]} 38. Bf3
{[%clk 0:00:34]} Rxf4 {[%clk 0:00:35]} 39. Qxf4 {[%clk 0:01:02]} Bxa2
{[%clk 0:00:48]} 40. Qe5 {[%clk 0:30:35]} Kh7 {[%clk 0:30:36]} 41. Rc6
{[%clk 0:19:00]} Qf7 {[%clk 0:27:55]} 42. Rc7 {[%clk 0:14:09]} Qg6
{[%clk 0:25:55]} 43. Kc2 {[%clk 0:13:50]} Qg1 {[%clk 0:13:24]} 44. b3
{[%clk 0:11:22]} Bb1+ {[%clk 0:11:27]} 45. Kd2 {[%clk 0:11:04]} Qg5+
{[%clk 0:09:12]} 46. Ke2 {[%clk 0:10:19]} Ng4 {[%clk 0:07:47]} 47. Bxg4
{[%clk 0:07:24]} Qxg4+ {[%clk 0:08:10]} 48. Kd2 {[%clk 0:07:51]} Qg2+
{[%clk 0:06:39]} 49. Kc1 {[%clk 0:07:13]} Be4 {[%clk 0:06:24]} 50. Kd1
{[%clk 0:02:21]} Qf3+ {[%clk 0:04:25]} 51. Kd2 {[%clk 0:02:07]} Qd3+
{[%clk 0:04:33]} 52. Kc1 {[%clk 0:02:31]} Qe3+ {[%clk 0:04:43]} 53. Kb2
{[%clk 0:02:12]} Qd2+ {[%clk 0:05:00]} 54. Ka1 {[%clk 0:02:39]} Qd1+
{[%clk 0:05:22]} 55. Kb2 {[%clk 0:03:03]} Qb1# {[%clk 0:05:46]} 0-1

[Event "High League 2022 women"]
[Site "Obninsk"]
[Date "2022.07.03"]
[Round "7.5"]
[White "Zhapova, Yana"]
[Black "Filippova, Margarita"]
[Result "1/2-1/2"]
[LiveChessVersion "1.4.7"]
[BlackElo "1955"]
[WhiteElo "2204"]

1. e4 {[%clk 1:30:57]} g6 {[%clk 1:30:57]} 2. d4 {[%clk 1:31:11]} Bg7
{[%clk 1:31:22]} 3. Nc3 {[%clk 1:31:19]} d6 {[%clk 1:31:46]} 4. Nf3
{[%clk 1:31:28]} a6 {[%clk 1:32:12]} 5. Be2 {[%clk 1:31:30]} b5 {[%clk 1:32:34]}
6. e5 {[%clk 1:31:29]} e6 {[%clk 1:32:02]} 7. O-O {[%clk 1:25:39]} Bb7
{[%clk 1:32:21]} 8. Bd3 {[%clk 1:20:18]} Nd7 {[%clk 1:28:31]} 9. Bf4
{[%clk 1:13:52]} dxe5 {[%clk 1:24:55]} 10. Nxe5 {[%clk 1:13:07]} Ngf6
{[%clk 1:23:44]} 11. Qe2 {[%clk 1:07:29]} O-O {[%clk 1:23:26]} 12. Rad1
{[%clk 1:07:39]} Nb6 {[%clk 1:18:45]} 13. Bg5 {[%clk 1:03:44]} Qc8
{[%clk 1:10:59]} 14. Rfe1 {[%clk 0:58:59]} Nbd5 {[%clk 1:06:09]} 15. Bc1
{[%clk 0:51:04]} c5 {[%clk 1:01:06]} 16. Nxd5 {[%clk 0:49:22]} Bxd5
{[%clk 0:59:04]} 17. dxc5 {[%clk 0:47:09]} Qxc5 {[%clk 0:58:14]} 18. c4
{[%clk 0:45:11]} bxc4 {[%clk 0:52:48]} 19. Nxc4 {[%clk 0:44:57]} Qc7
{[%clk 0:50:53]} 20. Be3 {[%clk 0:41:42]} Nd7 {[%clk 0:47:41]} 21. b3
{[%clk 0:38:55]} Nc5 {[%clk 0:44:57]} 22. Bb1 {[%clk 0:36:08]} Na4
{[%clk 0:37:02]} 23. Rc1 {[%clk 0:25:13]} Nc3 {[%clk 0:33:16]} 24. Qf1
{[%clk 0:25:24]} Rab8 {[%clk 0:25:47]} 25. Bd2 {[%clk 0:23:34]} Nxb1
{[%clk 0:25:27]} 26. Rxb1 {[%clk 0:24:02]} Bd4 {[%clk 0:16:24]} 27. Rbc1
{[%clk 0:23:35]} Qd7 {[%clk 0:16:03]} 28. Be3 {[%clk 0:22:07]} Bxe3
{[%clk 0:10:35]} 29. Nxe3 {[%clk 0:22:28]} a5 {[%clk 0:09:30]} 30. Red1
{[%clk 0:20:53]} a4 {[%clk 0:08:50]} 31. Qd3 {[%clk 0:16:48]} axb3
{[%clk 0:07:44]} 32. axb3 {[%clk 0:17:05]} Qb5 {[%clk 0:03:57]} 33. Nxd5
{[%clk 0:11:51]} exd5 {[%clk 0:04:16]} 34. Qxd5 {[%clk 0:12:01]} 1/2-1/2

[Event "High League 2022 women"]
[Site "Obninsk"]
[Date "2022.07.03"]
[Round "7.6"]
[White "Girya, Olga"]
[Black "Shukhman, Anna"]
[Result "1-0"]
[LiveChessVersion "1.4.7"]
[BlackElo "2121"]
[WhiteElo "2407"]

1. d4 {[%clk 1:29:04]} f5 {[%clk 1:30:53]} 2. Qd3 {[%clk 1:29:13]} d5
{[%clk 1:29:57]} 3. c4 {[%clk 1:29:13]} e6 {[%clk 1:30:20]} 4. Nc3
{[%clk 1:29:28]} Nf6 {[%clk 1:30:41]} 5. Bg5 {[%clk 1:25:38]} c6 {[%clk 1:29:31]}
6. e3 {[%clk 1:25:46]} Bd6 {[%clk 1:28:09]} 7. Qc2 {[%clk 1:18:54]} O-O
{[%clk 1:26:46]} 8. Nf3 {[%clk 1:17:06]} h6 {[%clk 1:21:34]} 9. Bf4
{[%clk 1:16:12]} Ne4 {[%clk 1:21:49]} 10. Be2 {[%clk 1:12:29]} Nd7
{[%clk 1:15:59]} 11. O-O {[%clk 1:02:57]} Ndf6 {[%clk 1:15:44]} 12. Bxd6
{[%clk 1:02:53]} Qxd6 {[%clk 1:13:01]} 13. Ne5 {[%clk 0:51:41]} Bd7
{[%clk 1:11:34]} 14. c5 {[%clk 0:48:36]} Qc7 {[%clk 1:11:01]} 15. Nd1
{[%clk 0:48:43]} b6 {[%clk 1:06:21]} 16. f3 {[%clk 0:47:33]} Ng5 {[%clk 1:02:50]}
17. Nf2 {[%clk 0:46:56]} b5 {[%clk 0:59:21]} 18. a4 {[%clk 0:45:51]} a6
{[%clk 0:59:18]} 19. Nfd3 {[%clk 0:44:04]} Rfb8 {[%clk 0:54:11]} 20. b4
{[%clk 0:42:29]} Be8 {[%clk 0:50:52]} 21. Qc3 {[%clk 0:38:28]} Nf7
{[%clk 0:43:49]} 22. axb5 {[%clk 0:29:21]} axb5 {[%clk 0:44:10]} 23. Rxa8
{[%clk 0:29:43]} Rxa8 {[%clk 0:44:36]} 24. Ra1 {[%clk 0:30:09]} Rxa1+
{[%clk 0:40:41]} 25. Qxa1 {[%clk 0:30:37]} Nxe5 {[%clk 0:39:58]} 26. dxe5
{[%clk 0:28:24]} Nd7 {[%clk 0:40:19]} 27. Qa8 {[%clk 0:28:23]} Kf8
{[%clk 0:38:24]} 28. f4 {[%clk 0:28:44]} Ke7 {[%clk 0:38:50]} 29. Ne1
{[%clk 0:25:06]} g5 {[%clk 0:34:27]} 30. Nf3 {[%clk 0:14:41]} g4 {[%clk 0:33:51]}
31. Nd4 {[%clk 0:15:06]} Nf8 {[%clk 0:29:41]} 32. Bd3 {[%clk 0:12:59]} Ng6
{[%clk 0:18:13]} 33. Nxe6 {[%clk 0:09:29]} Kxe6 {[%clk 0:17:56]} 34. Qxe8+
{[%clk 0:09:57]} Ne7 {[%clk 0:18:21]} 35. Qh5 {[%clk 0:09:06]} Qa7
{[%clk 0:16:23]} 36. Bxf5+ {[%clk 0:08:57]} Nxf5 {[%clk 0:16:47]} 37. Qg6+
{[%clk 0:09:24]} Kd7 {[%clk 0:17:11]} 38. Qf7+ {[%clk 0:07:47]} Ne7
{[%clk 0:17:31]} 39. e6+ {[%clk 0:08:11]} Kd8 {[%clk 0:16:44]} 40. Qf8+
{[%clk 0:38:36]} 1-0

[Event "High League 2022 women"]
[Site "Obninsk"]
[Date "2022.07.03"]
[Round "7.7"]
[White "Tomilova, Elena"]
[Black "Kovalevskaya, Ekaterina"]
[Result "0-1"]
[LiveChessVersion "1.4.7"]
[BlackElo "2364"]
[WhiteElo "2278"]

1. d4 {[%clk 1:30:56]} Nf6 {[%clk 1:30:53]} 2. Nf3 {[%clk 1:31:19]} g6
{[%clk 1:31:09]} 3. Bg5 {[%clk 1:31:38]} Bg7 {[%clk 1:31:31]} 4. Nbd2
{[%clk 1:32:01]} O-O {[%clk 1:23:55]} 5. c3 {[%clk 1:31:50]} d6 {[%clk 1:16:27]}
6. e4 {[%clk 1:31:01]} c5 {[%clk 1:16:07]} 7. dxc5 {[%clk 1:30:14]} dxc5
{[%clk 1:16:31]} 8. Bc4 {[%clk 1:30:19]} Nc6 {[%clk 1:15:48]} 9. O-O
{[%clk 1:24:16]} Qc7 {[%clk 1:04:54]} 10. h3 {[%clk 1:21:51]} Nh5
{[%clk 0:50:27]} 11. a4 {[%clk 1:14:25]} Nf4 {[%clk 0:37:12]} 12. Re1
{[%clk 1:08:00]} Na5 {[%clk 0:31:49]} 13. Bf1 {[%clk 0:53:42]} Rd8
{[%clk 0:30:47]} 14. Qc2 {[%clk 0:52:30]} c4 {[%clk 0:25:18]} 15. Nd4
{[%clk 0:48:47]} a6 {[%clk 0:19:56]} 16. Bxf4 {[%clk 0:44:41]} Qxf4
{[%clk 0:20:24]} 17. Nxc4 {[%clk 0:44:39]} Nxc4 {[%clk 0:16:13]} 18. Bxc4
{[%clk 0:44:34]} Be5 {[%clk 0:15:43]} 19. g3 {[%clk 0:34:16]} Qf6
{[%clk 0:16:04]} 20. h4 {[%clk 0:33:01]} Bxd4 {[%clk 0:11:19]} 21. cxd4
{[%clk 0:33:25]} Rxd4 {[%clk 0:11:12]} 22. Rad1 {[%clk 0:26:54]} Bh3
{[%clk 0:09:31]} 23. Rxd4 {[%clk 0:25:29]} Qxd4 {[%clk 0:09:55]} 24. Qb3
{[%clk 0:24:12]} Rf8 {[%clk 0:07:24]} 25. Bf1 {[%clk 0:23:18]} Bxf1
{[%clk 0:07:26]} 26. Kxf1 {[%clk 0:23:42]} b6 {[%clk 0:07:16]} 27. e5
{[%clk 0:23:11]} e6 {[%clk 0:06:47]} 28. Qc2 {[%clk 0:20:52]} Rd8
{[%clk 0:06:05]} 29. Re4 {[%clk 0:20:40]} Qd5 {[%clk 0:04:43]} 30. Qc4
{[%clk 0:17:50]} Qb7 {[%clk 0:03:19]} 31. Qc2 {[%clk 0:14:51]} h5
{[%clk 0:02:02]} 32. b3 {[%clk 0:13:39]} b5 {[%clk 0:02:04]} 33. axb5
{[%clk 0:12:43]} axb5 {[%clk 0:02:32]} 34. Re1 {[%clk 0:10:18]} Qh1+
{[%clk 0:01:44]} 35. Ke2 {[%clk 0:10:47]} Qg2 {[%clk 0:01:16]} 36. Ke3
{[%clk 0:09:57]} Qd5 {[%clk 0:01:06]} 37. Kf4 {[%clk 0:09:19]} Kg7
{[%clk 0:01:22]} 38. Re4 {[%clk 0:07:47]} Ra8 {[%clk 0:00:45]} 39. Re3
{[%clk 0:07:08]} Rd8 {[%clk 0:01:00]} 40. Re4 {[%clk 0:36:43]} Ra8
{[%clk 0:30:58]} 41. Re3 {[%clk 0:36:48]} Ra1 {[%clk 0:10:06]} 42. Qd3
{[%clk 0:34:12]} Qg2 {[%clk 0:05:20]} 43. Rf3 {[%clk 0:23:47]} Re1
{[%clk 0:03:55]} 44. Qd2 {[%clk 0:17:27]} Rxe5 {[%clk 0:03:07]} 45. Kxe5
{[%clk 0:17:51]} Qxf3 {[%clk 0:03:33]} 46. b4 {[%clk 0:13:42]} Qc6
{[%clk 0:01:51]} 47. Qd6 {[%clk 0:12:21]} Qc4 {[%clk 0:01:39]} 48. Qd2
{[%clk 0:10:14]} Qc7+ {[%clk 0:01:24]} 49. Ke4 {[%clk 0:10:29]} Qb7+
{[%clk 0:00:41]} 50. Ke5 {[%clk 0:10:24]} Qb6 {[%clk 0:00:53]} 51. Ke4
{[%clk 0:09:25]} Qc6+ {[%clk 0:01:04]} 52. Ke3 {[%clk 0:08:53]} e5
{[%clk 0:01:20]} 53. f4 {[%clk 0:08:29]} exf4+ {[%clk 0:01:24]} 54. Kxf4
{[%clk 0:08:50]} Qf6+ {[%clk 0:01:17]} 55. Ke3 {[%clk 0:08:11]} Qe5+
{[%clk 0:01:11]} 56. Kf2 {[%clk 0:08:14]} Qf5+ {[%clk 0:01:21]} 57. Kg2
{[%clk 0:08:09]} Qe4+ {[%clk 0:01:43]} 58. Kg1 {[%clk 0:08:24]} Qc4
{[%clk 0:01:54]} 59. Kh2 {[%clk 0:08:25]} Kf6 {[%clk 0:01:48]} 60. Qd6+
{[%clk 0:07:16]} Kf5 {[%clk 0:02:01]} 61. Kg2 {[%clk 0:05:45]} Ke4
{[%clk 0:00:53]} 62. Qd2 {[%clk 0:03:20]} Qd5 {[%clk 0:01:03]} 63. Qc3
{[%clk 0:03:33]} Qa2+ {[%clk 0:00:48]} 64. Kh3 {[%clk 0:03:38]} Qc4
{[%clk 0:00:50]} 65. Qd2 {[%clk 0:03:45]} Kf3 {[%clk 0:01:07]} 66. Qd1+
{[%clk 0:03:46]} Ke3 {[%clk 0:01:27]} 67. Qb1 {[%clk 0:03:28]} Qg4+
{[%clk 0:00:52]} 68. Kh2 {[%clk 0:03:52]} Qe2+ {[%clk 0:01:04]} 69. Kh3
{[%clk 0:03:55]} Kf2 {[%clk 0:00:58]} 0-1

[Event "High League 2022 women"]
[Site "Obninsk"]
[Date "2022.07.03"]
[Round "7.8"]
[White "Karmanova, Olga Dm."]
[Black "Kovanova, Baira"]
[Result "1/2-1/2"]
[LiveChessVersion "1.4.7"]
[BlackElo "2317"]
[WhiteElo "2157"]

1. Nf3 {[%clk 1:30:57]} Nf6 {[%clk 1:30:56]} 2. g3 {[%clk 1:31:21]} c5
{[%clk 1:28:30]} 3. Bg2 {[%clk 1:31:38]} Nc6 {[%clk 1:28:37]} 4. O-O
{[%clk 1:32:00]} e5 {[%clk 1:27:27]} 5. e4 {[%clk 1:32:23]} d6 {[%clk 1:25:42]}
6. d3 {[%clk 1:32:41]} h6 {[%clk 1:24:29]} 7. Nc3 {[%clk 1:29:48]} Be7
{[%clk 1:23:49]} 8. a4 {[%clk 1:28:11]} Be6 {[%clk 1:23:45]} 9. Nd2
{[%clk 1:23:18]} Qd7 {[%clk 1:21:13]} 10. Nc4 {[%clk 1:21:22]} d5
{[%clk 1:13:27]} 11. exd5 {[%clk 1:19:24]} Nxd5 {[%clk 1:12:52]} 12. Re1
{[%clk 1:15:20]} Nxc3 {[%clk 1:05:51]} 13. bxc3 {[%clk 1:15:44]} O-O
{[%clk 1:00:04]} 14. Bxc6 {[%clk 1:08:26]} Qxc6 {[%clk 0:55:58]} 15. Nxe5
{[%clk 1:08:48]} Qc7 {[%clk 0:55:20]} 16. Ng6 {[%clk 1:02:34]} Rfe8
{[%clk 0:45:41]} 17. Nf4 {[%clk 0:55:16]} Bd7 {[%clk 0:45:06]} 18. Nd5
{[%clk 0:52:08]} Qd6 {[%clk 0:44:34]} 19. c4 {[%clk 0:49:29]} Bc6
{[%clk 0:41:47]} 20. Bf4 {[%clk 0:43:19]} Qd7 {[%clk 0:42:04]} 21. Qh5
{[%clk 0:33:23]} Bf8 {[%clk 0:41:34]} 22. a5 {[%clk 0:31:21]} Rad8
{[%clk 0:38:26]} 23. Bc7 {[%clk 0:25:24]} Rc8 {[%clk 0:24:43]} 24. Bf4
{[%clk 0:25:48]} Rcd8 {[%clk 0:23:19]} 25. Re4 {[%clk 0:25:08]} Re6
{[%clk 0:19:43]} 26. Rae1 {[%clk 0:23:30]} Rg6 {[%clk 0:17:27]} 27. Re7
{[%clk 0:19:57]} Bxe7 {[%clk 0:15:41]} 28. Nxe7+ {[%clk 0:18:03]} Kh7
{[%clk 0:15:55]} 29. Nxg6 {[%clk 0:14:01]} fxg6 {[%clk 0:16:24]} 30. Qxc5
{[%clk 0:08:16]} g5 {[%clk 0:12:26]} 31. Bd2 {[%clk 0:05:00]} Qh3
{[%clk 0:07:02]} 32. f3 {[%clk 0:05:26]} Bxf3 {[%clk 0:07:19]} 33. Qf2
{[%clk 0:05:52]} Rf8 {[%clk 0:06:12]} 34. Bb4 {[%clk 0:05:44]} Rf6
{[%clk 0:04:26]} 35. Qf1 {[%clk 0:04:39]} Qg4 {[%clk 0:03:39]} 36. Re7
{[%clk 0:02:14]} Qd4+ {[%clk 0:04:02]} 37. Qf2 {[%clk 0:02:33]} Qb2
{[%clk 0:04:20]} 38. Qd2 {[%clk 0:02:18]} Qd4+ {[%clk 0:02:48]} 39. Qf2
{[%clk 0:02:43]} Qb2 {[%clk 0:03:02]} 40. Qd2 {[%clk 0:33:09]} 1/2-1/2